[Event "CK Dezerterzy"]
[Site "http://www.queenalice.com/game.php?id=147694"]
[Date "2006.12.29"]
[Round "-"]
[White "mtjab"]
[Black "andgra"]
[Result "1-0"]
[WhiteElo "2018"]
[BlackElo "1722"]

1. e4 c6 2. d3 d5 3. Nd2 e5 4. Ngf3 Bd6 5. d4 exd4 6. exd5 Nf6 7. dxc6 Nxc6 8.
Nb3 Bg4 9. Be2 O-O 10. O-O Qc7 11. h3 Bxf3 12. Bxf3 Rad8 13. Bg5 Be7 14. Bxc6
bxc6 15. Nxd4 Rfe8 16. c3 c5 17. Nb5 Qb7 18. Qb3 a6 19. Nd4 Rb8 20. Qxb7 Rxb7
21. Nb3 c4 22. Na5 Rxb2 23. Nxc4 Rbb8 24. Rfe1 h6 25. Bd2 Bc5 26. Rxe8+ Rxe8 27.
Re1 Rc8 28. Ne5 Rd8 29. Be3 Rc8 30. Bd4 Nd5 31. Nf3 Bd6 32. Rc1 Nb4 33. a4 Bf4
34. Re1 Nd5 35. g3 Bd6 36. Rd1 Ba3 37. Bxg7 Kxg7 38. Rxd5 Rxc3 39. Ne5 Bb2 40.
Kg2 Rb3 41. Nc4 Bf6 42. a5 Bc3 43. Rd3 1-0

[Event "AUTO-OPEN-502"]
[Site "http://www.queenalice.com/game.php?id=148627"]
[Date "2006.12.31"]
[Round "1"]
[White "andgra"]
[Black "technicaldraw"]
[Result "1-0"]
[WhiteElo "1709"]
[BlackElo "1578"]

1. e4 c6 2. d4 d5 3. Nc3 dxe4 4. Nxe4 Bf5 5. Ng3 Bg6 6. Bc4 e6 7. N1e2 Nd7 8.
O-O Bd6 9. Bf4 Bxf4 10. Nxf4 Qc7 11. Qd2 Ngf6 12. Rfe1 O-O 13. Rad1 Nd5 14. Nxg6
hxg6 15. Qg5 N7f6 16. Ne4 Nxe4 17. Rxe4 Nf6 18. Ree1 Rad8 19. Qe5 Qxe5 20. dxe5
Nd7 21. a4 Nb6 22. Bb3 c5 23. a5 Nd5 24. c3 b5 25. axb6 axb6 26. Bc4 Nc7 27. Rd6
b5 28. Be2 c4 29. Bf3 Rxd6 30. exd6 Nd5 31. Bxd5 exd5 32. d7 1-0

[Event "AUTO-OPEN-502"]
[Site "http://www.queenalice.com/game.php?id=148628"]
[Date "2006.12.31"]
[Round "1"]
[White "technicaldraw"]
[Black "andgra"]
[Result "0-1"]
[WhiteElo "1595"]
[BlackElo "1739"]

1. e4 c5 2. Nf3 d6 3. d4 cxd4 4. Nxd4 Nf6 5. Nc3 g6 6. Be3 Bg7 7. f3 Nc6 8. Qd2
O-O 9. O-O-O d5 10. exd5 Nxd5 11. Nxd5 Qxd5 12. Nb3 Qe5 13. Bd4 Nxd4 14. Qxd4
Qxd4 15. Nxd4 Rd8 16. c3 e5 17. Ne2 Bh6+ 18. f4 Bg4 19. g3 Rxd1+ 20. Kxd1 Rd8+
21. Kc2 e4 22. Nd4 Bg7 23. Be2 Bxe2 24. Nxe2 f5 25. Rd1 Rxd1 26. Kxd1 Kf7 27.
Kd2 h5 28. h3 Ke6 29. Ke3 Kd5 30. b3 b5 31. g4 h4 32. g5 a6 33. Nd4 Bxd4+ 34.
cxd4 b4 0-1

[Event "AUTO-OPEN-502"]
[Site "http://www.queenalice.com/game.php?id=148629"]
[Date "2006.12.31"]
[Round "1"]
[White "andgra"]
[Black "yaron96"]
[Result "1-0"]
[WhiteElo "1841"]
[BlackElo "1041"]

1. e4 e5 2. Nf3 Nc6 3. Bc4 Bb4 4. c3 Bc5 5. d4 exd4 6. cxd4 Bb4+ 7. Nc3 Nf6 8.
O-O O-O 9. d5 Na5 10. Bd3 b6 11. e5 Nh5 12. Bxh7+ Kh8 13. Ng5 f6 14. Qxh5 1-0

[Event "AUTO-OPEN-502"]
[Site "http://www.queenalice.com/game.php?id=148630"]
[Date "2006.12.31"]
[Round "1"]
[White "yaron96"]
[Black "andgra"]
[Result "0-1"]
[WhiteElo "1214"]
[BlackElo "1861"]

1. e4 c6 2. Nc3 d5 3. Be2 d4 4. Na4 e5 5. Nf3 b5 6. Nc3 dxc3 7. dxc3 Qxd1+ 8.
Bxd1 Nd7 9. O-O Ngf6 10. Nd2 Be7 11. Bh5 Nxh5 12. Nf3 Nhf6 13. Nd2 Nc5 14. f3
O-O 15. Nb3 Nxb3 16. cxb3 Bc5+ 17. Kh1 Rd8 18. Bg5 Rd6 19. b4 Bb6 20. Rad1 Rd8
21. Rxd8+ Bxd8 0-1

[Event "AUTO-OPEN-502"]
[Site "http://www.queenalice.com/game.php?id=148631"]
[Date "2006.12.31"]
[Round "1"]
[White "andgra"]
[Black "CampbellMarcel"]
[Result "1-0"]
[WhiteElo "1841"]
[BlackElo "401"]

1. e4 d5 2. exd5 Qxd5 3. Nc3 Qd8 4. d4 Nf6 5. Nf3 e6 6. Bd3 Nc6 7. O-O Be7 8.
Bf4 O-O 9. Re1 Re8 10. Qd2 Nxd4 11. Nxd4 Qxd4 12. Bxh7+ Nxh7 13. Qxd4 Nf6 14.
Bxc7 1-0

[Event "AUTO-OPEN-502"]
[Site "http://www.queenalice.com/game.php?id=148632"]
[Date "2006.12.31"]
[Round "1"]
[White "CampbellMarcel"]
[Black "andgra"]
[Result "0-1"]
[WhiteElo "400"]
[BlackElo "1841"]

1. e4 c6 2. Nf3 d5 3. exd5 cxd5 4. Be2 Nc6 5. O-O e5 6. d4 e4 7. Ne5 Bd6 8. Nxf7
Kxf7 9. f3 e3 10. f4 Nf6 11. Bxe3 Re8 12. Bh5+ g6 13. Bxg6+ hxg6 14. Re1 Ng4 0-1

[Event "AUTO-ADV-356"]
[Site "http://www.queenalice.com/game.php?id=150233"]
[Date "2007.1.5"]
[Round "1"]
[White "Meckerkopp"]
[Black "andgra"]
[Result "0-1"]
[WhiteElo "1849"]
[BlackElo "1885"]

1. e4 c6 2. d4 d5 3. e5 Bf5 4. Nf3 e6 5. a3 Nd7 6. g3 c5 7. Bb5 a6 8. Bxd7+ Qxd7
9. Nc3 Bh3 10. Ng5 Bf5 11. Bf4 h6 12. Nf3 O-O-O 13. dxc5 Bxc5 14. Nd4 Ne7 15.
Nxf5 Nxf5 16. O-O f6 17. exf6 gxf6 18. Qd3 e5 19. b4 Bd4 20. Nxd5 exf4 21. Nxf6
Bxf6 0-1

[Event "AUTO-ADV-356"]
[Site "http://www.queenalice.com/game.php?id=150234"]
[Date "2007.1.5"]
[Round "1"]
[White "andgra"]
[Black "Meckerkopp"]
[Result "1-0"]
[WhiteElo "1841"]
[BlackElo "1871"]

1. e4 e5 2. Nf3 Nc6 3. Bc4 h6 4. d4 exd4 5. Nxd4 Qf6 6. Nb5 Kd8 7. O-O a6 8.
N5c3 Nge7 9. Be3 Ng6 10. f4 d6 11. Nd2 Be6 12. Be2 Nge7 13. f5 1-0

[Event "AUTO-ADV-356"]
[Site "http://www.queenalice.com/game.php?id=150243"]
[Date "2007.1.5"]
[Round "1"]
[White "andgra"]
[Black "Kisei"]
[Result "0-1"]
[WhiteElo "1821"]
[BlackElo "1902"]

1. e4 e5 2. Nf3 Nc6 3. Bb5 a6 4. Ba4 Nf6 5. O-O Be7 6. Re1 b5 7. Bb3 O-O 8. c3
d5 9. exd5 Nxd5 10. Nxe5 Nxe5 11. Rxe5 c6 12. d4 Bd6 13. Re1 Qh4 14. g3 Qh3 15.
Bxd5 cxd5 16. Qf3 Bg4 17. Qxd5 Rad8 0-1

[Event "AUTO-ADV-356"]
[Site "http://www.queenalice.com/game.php?id=150244"]
[Date "2007.1.5"]
[Round "1"]
[White "Kisei"]
[Black "andgra"]
[Result "1-0"]
[WhiteElo "1927"]
[BlackElo "1833"]

1. e4 c6 2. d4 d5 3. exd5 cxd5 4. c4 Nf6 5. Nc3 e6 6. Nf3 Bb4 7. Bd2 O-O 8. c5
b6 9. cxb6 Qxb6 10. Be2 Nc6 11. a3 Bd6 12. O-O Ba6 13. Bxa6 Qxa6 14. Bg5 Nd7 15.
Re1 1-0

[Event "AUTO-ADV-358"]
[Site "http://www.queenalice.com/game.php?id=150969"]
[Date "2007.1.6"]
[Round "1"]
[White "Tenna"]
[Black "andgra"]
[Result "0-1"]
[WhiteElo "1744"]
[BlackElo "1863"]

1. e4 c6 2. d4 d5 3. Nc3 dxe4 4. Nxe4 Bf5 5. Ng3 Bg6 6. Bd3 Qxd4 7. Nf3 Qd5 8.
Qe2 Bxd3 9. cxd3 Nd7 10. O-O Ngf6 11. Bg5 e6 12. Ne4 Be7 13. Nfd2 Nxe4 14. Nxe4
Bxg5 15. f4 Be7 16. Qg4 O-O 17. Rf3 Nf6 18. Qh4 Nxe4 19. Qxe7 Qd4+ 20. Kh1 Nf2+
21. Kg1 Nxd3+ 0-1

[Event "AUTO-ADV-358"]
[Site "http://www.queenalice.com/game.php?id=150970"]
[Date "2007.1.6"]
[Round "1"]
[White "andgra"]
[Black "Tenna"]
[Result "1-0"]
[WhiteElo "1874"]
[BlackElo "1767"]

1. e4 c5 2. Nf3 d6 3. d4 cxd4 4. Nxd4 Nf6 5. Nc3 g6 6. Be3 Bg7 7. f3 O-O 8. Qd2
Nc6 9. O-O-O d5 10. exd5 Nxd5 11. Nxc6 bxc6 12. Nxd5 cxd5 13. Qxd5 Qxd5 14. Rxd5
Be6 15. Ra5 Rab8 16. c3 Rfc8 17. Kc2 Rd8 18. Bd3 Rd7 19. b3 Rc8 20. c4 Rcd8 21.
Be4 f5 22. Bc6 Rd3 23. Bc1 Rc3+ 24. Kb1 Kf8 25. Rxa7 Rd6 26. Ra8+ Kf7 27. Be8+
Kf6 28. Bb2 1-0